Регионална библиотека "Любен Каравелов" - Русе

Пьесы (Запис номер 363574)

MARC детайли
000 -Лидер
Контролно поле с фиксирана дължина 01580ncm a2200397 c 4500
003 - Код на организацията, давaща контролен номер
Контролно поле BLK
005 - Дата и час на последна редакция
Контролно поле 20200521164827.0
008 - Елементи от данни с фиксирана дължина
fixed length control field 180414b bul |a|er|||| |0| c|bulo|
040 ## - Източник на каталожния запис
Идентификатор на билиотеката - собственик на записа BLK
041 ## - Код за език
Код за езика на текст/звукозапис или на отделно заглавие Руски
Код за езика КДБФ Руски
080 ## - УДК
Текстов определител УДК Музика за пиано
УДК код - определител по УДК 786.2
УДК - код + определител 786.2
080 ## - УДК
Текстов определител УДК Сонатини за пиано
УДК код - определител по УДК 786.2.082.3
УДК - код + определител 786.2.082.3
100 ## - Редна дума - Автор
Автор Брамс, Йоханнес
Авторска отговорност първи автор
R(LIN) 405222
139 ## - Редно поле
Редна дума Брамс, Йоханнес
245 10 - Сведения за заглавието
Заглавие Пьесы
Подзаглавни данни Для фортепиано
Редно поле (дума) Йоханнес Брамс
250 ## - Област на изданието
Сведения за изданието 2. изд.
257 ## - Страна на издаване
Страна на създаване/издаване Русия
260 ## - Област на издателските данни
Име на издателя, разпространителя и проч. Музыка
Година на издаване 1977
Място на издаване, разпространение и проч. Ленинград
300 ## - Физическа характеристика
Страници 76 с.
Размери/Мащаб 30 см
380 ## - Жанр
Жанр Изкуство
650 #4 - Допълнително описание по предмет – тема
Основно описание – тема или топоним Пиано - пиеси
9 (RLIN) 291568
653 ## - Ключова дума – ненормативна
Ключова дума пиеси за пиано
852 ## - Местоположение
Форматна сигнатура Цб М ІІ 8078
Фондова буква Хранилище
856 4# - Електронен адрес и достъп
Електронен формат pdf - файл
Път до файла /url/
856 4# - Електронен адрес и достъп
Електронен формат pdf - файл
Път до файла /url/
999 ## - СИСТЕМНИ КОНТРОЛНИ НОМЕРА
Koha biblionumber 363574
Koha biblioitemnumber 363574
942 ## - АРТИКУЛИ
Вид на библиотечния материал Нотни издания
Скрит в OPAC Не
Периодичен библиозапис Да
944 ## - СЪЗДАВАНЕ И РЕДАКЦИЯ на ЗАПИСА
Създаване/Редакция Създаване
Дата на регистрацията/редакция 2020-05-21
Служител, извършил регистрацията/редакцията НР
999 ## - СИСТЕМНИ КОНТРОЛНИ НОМЕРА
Koha biblioitemnumber 363572
999 ## - СИСТЕМНИ КОНТРОЛНИ НОМЕРА
Koha biblioitemnumber 363545
999 ## - СИСТЕМНИ КОНТРОЛНИ НОМЕРА
Koha biblioitemnumber 313250
Наличности
Код за отписване Код за изгубен артикул Източник на класификационната схема Код за повреда Коз за рестрикции Код за отдаване Артикулен № Име на библиотеката - собственик Име на библиотеката, в която се намира в момента Статус (Текущо местоположение) Дата на вписване в системата Местоположение - отдел Цена в лева Инвентарен номер Систематично азбучна сигнатура Баркод Цена в евро Служебен тип на артикула
  Не е изгубен Universal Decimal Classification Не е повреден само за читалня ползва се в читалня 771342 Регионална библиотека "Любен Каравелов" Русе Регионална библиотека "Любен Каравелов" Русе Хранилище 2020-05-22 Хранилище 0.76 300629 Цб М ІІ 8078 900000014134 0.39 Нотни издания
Vip Innovations Ltd, Rousse, Bulgaria 2025